000 00488nam a2200181Ia 4500
003 GCL
008 140319s9999 xx 000 0 eng d
040 _aGCL /
_cGCL
082 0 4 _a401
_bG S
100 1 _aGADET, FRANCOISE
245 1 0 _aSAUSSURE UNE SCIENCE DE LA LANGUE /
_cGADET, FRANCOISE
260 _a[S.N] :
_bPRESSES UNIVERSITAIRES DE FRANCE ،
_c1990
300 _a128 P
650 0 4 _aLINGUISTICS
650 0 4 _aLANGUAGES
650 0 4 _aPHILOSOPHY - LANGUAGE
942 _2ddc
_cBK
999 _c15641
_d15641